|
|
|
|
| LEADER |
00972nam a22002772a 4500 |
| 001 |
000179912 |
| 003 |
CZ BrMZK |
| 005 |
20060425072344.0 |
| 007 |
ta |
| 008 |
970103s1991 xr af f cze d |
| 015 |
|
|
|a cnb000059913
|
| 020 |
|
|
|a 80-7107-022-X
|
| 035 |
|
|
|a (OCoLC)29571026
|
| 040 |
|
|
|a BOA001
|b cze
|
| 080 |
|
|
|a 334.722:331.1
|2 MRF
|
| 080 |
|
|
|a 331.1:334.722
|2 MRF
|
| 100 |
1 |
|
|a Tkáč, Vojtech,
|d 1949-
|7 mzk2003199996
|4 aut
|
| 245 |
1 |
0 |
|a Sociální zabezpečení v soukromém podnikání /
|c Vojtěch Tkáč
|
| 250 |
|
|
|a 1. vyd.
|
| 260 |
|
|
|a Praha :
|b Spektrum,
|c 1991
|
| 300 |
|
|
|a 147 s., obr. příl. :
|b il.
|
| 910 |
|
|
|a BOA001
|b TK-0248.326
|b 2-0964.239
|
| 964 |
|
|
|a Zabezpečení sociální - podnikání soukromé - příručky
|
| 990 |
|
|
|a BK
|
| 996 |
7 |
|
|b 2619344974
|c 2-0964.239
|l MZK
|r Sklad / do 1 hodiny
|n 0
|w 000179912
|u 000020
|a 1
|e BOA001
|j MZK50
|s A
|
| 996 |
7 |
|
|b 2629989511
|c TK-0248.326
|l MZK
|r Sklad / do 24 hodin
|n 0
|w 000179912
|u 000010
|a 1
|e BOA001
|j MZK50
|s A
|